00736nam a2200193Ia 4500003000400000005001700004008004100021040001800062041000800080082001500088100005300103245012400156260002500280600003600305650003600341942001300377999001900390952013300409OSt20260325110018.0211028s2006 xx 000 0 und d cAIMIT LIBRARY aeng a658.3 CUTR aCutinha, Reshma M;Kamath, Rameshg4091111195614 aA study on role of banks in agriculture and rural development activities with special reference to Karnataka Bank ltd / bKamath, Rameshc2006 aHuman Resource Management95615 aHuman Resource Management95616 2ddccPRO c217963d217963 00102ddc40718PR_MBAaAIMITbAIMITd2021-10-28eMBAl0o658.3 CUTRpPRB00038r2021-10-28 00:00:00t040911111w2021-10-28yPRO